[Event "ROM-ch U18"]
[Site "Calimanesti Caciulata"]
[Date "2019.04.20"]
[Round "7"]
[White "Popa, Eduard Adrian"]
[Black "Cotruta, Alexandru Mihai"]
[Result "1-0"]
[WhiteElo "1902"]
[BlackElo "1897"]
[PlyCount "55"]
[EventDate "2019.04.15"]
[EventType "swiss"]
[EventRounds "9"]
[EventCountry "ROU"]
[SourceTitle "CBM 190 Extra"]
[Source "ChessBase"]
[SourceDate "2019.07.15"]
[SourceVersion "1"]
[SourceVersionDate "2019.07.15"]
[SourceQuality "1"]

1. d4 Nf6 2. Nf3 g6 3. Bg5 Bg7 4. Nbd2 h6 5. Bh4 d6 6. e4 0-0 7. Bd3 Nh5 8. 0-0 Nf4 9. Bc4 Qe8 10. e5 dxe5 11. Nxe5 Be6 12. Qf3 g5 13. Bg3 Nc6 14. Bxf4 Bxc4 15. Ndxc4 gxf4 16. Qxf4 b5 17. Ne3 Rd8 18. Nf5 Nxe5 19. dxe5 Kh7 20. Rfe1 Qd7 21. h3 Qe6 22. Re3 Rd5 23. Rae1 Rfd8 24. c3 Bh8 25. Nd4 Qg6 26. Rg3 Rxe5 27. Rxe5 Qb1+ 28. Kh2 1-0

[Event "ROM-ch U18"]
[Site "Calimanesti Caciulata"]
[Date "2019.04.19"]
[Round "6"]
[White "Panc, Samuel"]
[Black "Popa, Eduard Adrian"]
[Result "0-1"]
[WhiteElo "1853"]
[BlackElo "1902"]
[PlyCount "84"]
[EventDate "2019.04.15"]
[EventType "swiss"]
[EventRounds "9"]
[EventCountry "ROU"]
[SourceTitle "CBM 190 Extra"]
[Source "ChessBase"]
[SourceDate "2019.07.15"]
[SourceVersion "1"]
[SourceVersionDate "2019.07.15"]
[SourceQuality "1"]

1. e4 c5 2. Nf3 Nc6 3. Bb5 e6 4. 0-0 Nge7 5. Bxc6 Nxc6 6. d4 cxd4 7. Nxd4 Be7 8. Nc3 0-0 9. Re1 d6 10. Re3 Qb6 11. Nb3 Rd8 12. Rh3 g6 13. Be3 Qc7 14. Qf3 Ne5 15. Qf4 h5 16. Qg3 Ng4 17. Bd4 b5 18. Rxh5 gxh5 19. h3 e5 20. Nd5 Qb7 21. Bc3 h4 22. Qf3 Nh6 23. Na5 Qd7 24. Nc6 Bg5 25. Bd2 Bxd2 26. Nf6+ Kg7 27. Nxd7 Rxd7 28. Qd3 Bg5 29. c3 a6 30. a4 bxa4 31. Rxa4 f6 32. Ra1 Nf7 33. Kh2 Rb7 34. b4 Rc7 35. b5 Bb7 36. Na5 axb5 37. Qxb5 Bxe4 38. Qb4 f5 39. Rg1 Bd2 40. Nc4 Bf4+ 41. Kh1 Rb7 42. Nb6 Ra6 0-1

[Event "World School-ch U17"]
[Site "Iasi"]
[Date "2017.04.27"]
[Round "6"]
[White "Calin, Alexandru"]
[Black "Popa, Eduard Adrian"]
[Result "1-0"]
[WhiteElo "2049"]
[BlackElo "1910"]
[PlyCount "99"]
[EventDate "2017.04.23"]
[EventType "swiss"]
[EventRounds "9"]
[EventCountry "ROU"]
[SourceTitle "CBM 178 Extra"]
[Source "ChessBase"]
[SourceDate "2017.06.22"]
[SourceVersion "1"]
[SourceVersionDate "2017.06.22"]
[SourceQuality "1"]

1. d4 Nf6 2. Bg5 Ne4 3. Bf4 d5 4. e3 c5 5. Bd3 e6 6. Bxe4 dxe4 7. Nc3 cxd4 8. exd4 Bb4 9. Nge2 Nc6 10. 0-0 g5 11. Bg3 0-0 12. d5 Ne7 13. Nxe4 Nxd5 14. c4 Nb6 15. Qb3 Be7 16. Rad1 Qe8 17. Qe3 f5 18. Nd6 Qg6 19. Be5 Bxd6 20. Bxd6 Nxc4 21. Qb3 Nxd6 22. Rxd6 Re8 23. Nd4 Qf7 24. Re1 e5 25. Qxf7+ Kxf7 26. Nf3 e4 27. Nxg5+ Kg7 28. Rc1 Re7 29. Rd8 Rd7 30. Rxd7+ Bxd7 31. Rc7 Rc8 32. Rxd7+ Kg6 33. h4 Rc1+ 34. Kh2 Rc2 35. Rd6+ Kg7 36. Rd7+ Kg6 37. Kg3 Rxb2 38. Nh3 Rxa2 39. Rxb7 a5 40. Rb6+ Kg7 41. Ra6 a4 42. Kf4 a3 43. Kxf5 e3 44. fxe3 Ra1 45. Nf4 a2 46. Ra7+ Kf8 47. Kf6 Ke8 48. h5 Re1 49. Rxa2 Rxe3 50. Re2 1-0

[Event "World School-ch U17"]
[Site "Iasi"]
[Date "2017.04.24"]
[Round "3"]
[White "Olinici, Emanuel"]
[Black "Popa, Eduard Adrian"]
[Result "0-1"]
[WhiteElo "2069"]
[BlackElo "1910"]
[PlyCount "88"]
[EventDate "2017.04.23"]
[EventType "swiss"]
[EventRounds "9"]
[EventCountry "ROU"]
[SourceTitle "CBM 178 Extra"]
[Source "ChessBase"]
[SourceDate "2017.06.22"]
[SourceVersion "1"]
[SourceVersionDate "2017.06.22"]
[SourceQuality "1"]

1. d4 Nf6 2. c4 e6 3. Nc3 Bb4 4. Qc2 Qe7 5. Nf3 Nc6 6. e4 e5 7. d5 Nd4 8. Qd3 h6 9. Bd2 c5 10. dxc6 dxc6 11. Nxd4 exd4 12. Qxd4 Bxc3 13. Bxc3 Nxe4 14. 0-0-0 Nxc3 15. Qxc3 0-0 16. Bd3 Qc5 17. f4 Re8 18. h3 Bf5 19. Rhf1 Re3 20. g4 Bxd3 21. Rxd3 Re4 22. b3 Rae8 23. Kb1 Re2 24. Rfd1 Qf2 25. R3d2 Rxd2 26. Rxd2 Qxf4 27. Qd4 Qxd4 28. Rxd4 Re7 29. Kb2 g6 30. Rd3 f5 31. gxf5 gxf5 32. Kc3 Kf7 33. Rf3 Kf6 34. Kd4 Re2 35. a4 Rg2 36. Kc5 Kg5 37. Rd3 f4 38. Rd7 f3 39. Rxb7 Kf6 40. Rb8 Ke7 41. Rb7+ Ke6 42. Rb8 f2 43. Rf8 Rg5+ 44. Kxc6 Rf5 0-1

[Event "World School-ch U17"]
[Site "Iasi"]
[Date "2017.04.23"]
[Round "1"]
[White "Zubcu, Vlad George"]
[Black "Popa, Eduard Adrian"]
[Result "1-0"]
[WhiteElo "2127"]
[BlackElo "1910"]
[PlyCount "71"]
[EventDate "2017.04.23"]
[EventType "swiss"]
[EventRounds "9"]
[EventCountry "ROU"]
[SourceTitle "CBM 178 Extra"]
[Source "ChessBase"]
[SourceDate "2017.06.22"]
[SourceVersion "1"]
[SourceVersionDate "2017.06.22"]
[SourceQuality "1"]

1. d4 Nf6 2. Nf3 c5 3. g3 b6 4. d5 Bb7 5. c4 e6 6. Nc3 exd5 7. cxd5 b5 8. Bg5 h6 9. Bxf6 Qxf6 10. e4 c4 11. Bg2 Bc5 12. 0-0 Qb6 13. b3 Qa5 14. Ne2 0-0 15. a4 Rc8 16. axb5 Qxb5 17. Nfd4 Qb6 18. bxc4 Ba6 19. Rb1 Qf6 20. Nb5 Bb6 21. Qd3 d6 22. Bh3 Rc5 23. Nec3 Bxb5 24. Rxb5 Rc7 25. Na4 Bd4 26. Qb3 Na6 27. Rb7 Nc5 28. Rb8+ Kh7 29. Qc2 Rxb8 30. e5+ Qg6 31. Bf5 Bxe5 32. Bxg6+ fxg6 33. Nc3 Rb3 34. Nb5 Re7 35. f4 Bf6 36. f5 1-0